00225nam a2200085Ia 4500008004100000082001800041100002600059245003200085300002200117230907s9999||||xx |||||||||||||| ||und|| a621.3822bALE aAlexander, Winser E., 0aDigital signal processing : axxix, 604 pages :